000 00285cam a2200109ua 4500
082 _a335.4
_bLEN/VI
100 _aLenin, .
_91780
245 _aViplava Vayaditham /
260 _aKottayam :
_bPrabhatham Printing and Publishing Co. Pvt. Ltd. ,
_c1966.
300 _a322 ; .
942 _cBK
999 _c4633
_d4633